000 00253nam a2200097Ia 4500
001 726448
005 20250826163429.0
008 250824s9999 xx 000 0 und d
245 0 _aARŞİMET ZEKAİ TATİLDE
_cDURAN ÇETİN
260 _bATLIKARINCA YAYINLARI
999 _c726448
_d726448